000
00264nam a22001217a 4500
040
_c
SK
082
_a
630
100
_a
FAO
245
_a
Manual on the production and use of live food for aquaculture
260
_a
ROME
_b
FAO
_c
1996
300
_a
295p.
942
_c
EK
999
_c
9982
_d
9982